Sports Quiz

Random Sports or NBA Quiz
Score 0/100 Timer 10:00
0 Plays Today
Rating Answer % Correct
97LeBron James
100%
97Kawhi Leonard
99%
96James Harden
98.5%
96Kevin Durant
98.5%
95Stephen Curry
98.1%
94Anthony Davis
97.6%
91Kyrie Irving
97.1%
92Damian Lillard
96.6%
91Joel Embiid
96.6%
89Klay Thompson
96.6%
89Karl-Anthony Towns
96.1%
96Giannis Antetokounmpo
95.6%
93Paul George
95.6%
90Russell Westbrook
95.6%
90Nikola Jokic
95.1%
87Ben Simmons
95.1%
88Blake Griffin
94.7%
88Kemba Walker
94.7%
87Bradley Beal
94.7%
88Donovan Mitchell
94.2%
88Jimmy Butler
93.7%
86Draymond Green
93.7%
88Rudy Gobert
93.2%
87CJ McCollum
93.2%
86John Wall
93.2%
87D'Angelo Russell
92.7%
87Kristaps Porzingis
92.7%
86Andre Drummond
92.7%
87DeMar DeRozan
92.2%
87LaMarcus Aldridge
92.2%
85Trae Young
92.2%
87Luka Doncic
91.7%
86De'Aaron Fox
91.7%
85Kyle Lowry
91.7%
Rating Answer % Correct
84Lou Williams
91.7%
86Devin Booker
91.3%
85Chris Paul
91.3%
85Jayson Tatum
91.3%
87Mike Conley
90.3%
87Pascal Siakam
90.3%
87Victor Oladipo
90.3%
85Al Horford
89.8%
85Clint Capela
89.8%
85Khris Middleton
89.8%
85Tobias Harris
89.8%
79Gary Harris
89.8%
85Zach LaVine
89.3%
86Jrue Holiday
88.8%
85Eric Bledsoe
88.3%
86Nikola Vucevic
87.9%
84Jamal Murray
87.9%
84Buddy Hield
86.9%
81Zion Williamson
86.9%
84John Collins
85%
82Steven Adams
85%
82Marc Gasol
84.5%
81Brandon Ingram
84.5%
84Kyle Kuzma
83.5%
83Kevin Love
83.5%
83Julius Randle
82%
82Jaren Jackson Jr
81.1%
82Myles Turner
81.1%
81Hassan Whiteside
81.1%
80Reggie Jackson
81.1%
83Lauri Markkanen
80.6%
81DeMarcus Cousins
80.6%
83Jusuf Nurkic
80.1%
83Malcolm Brogdon
80.1%
Rating Answer % Correct
81Aaron Gordon
79.6%
83Bojan Bogdanovic
78.6%
82Paul Millsap
78.6%
82Marcus Smart
78.2%
81DeAndre Jordan
77.2%
82DeAndre Ayton
76.7%
83Montrezl Harrell
76.2%
83Danilo Gallinari
75.7%
79Brook Lopez
74.8%
81Domantas Sabonis
73.8%
80Gordon Hayward
73.8%
79Jarrett Allen
73.8%
79Andrew Wiggins
73.3%
80Josh Richardson
72.8%
82Spencer Dinwiddie
70.4%
79Ja Morant
70.4%
83Marvin Bagley III
69.9%
79Fred VanVleet
69.4%
81Serge Ibaka
68.4%
80Derrick Rose
68%
79Goran Dragic
68%
80Enes Kanter
65.5%
81Jonas Valanciunas
64.1%
80J.J. Redick
64.1%
80Dwight Howard
60.2%
79Harrison Barnes
60.2%
81Rudy Gay
59.7%
80Derrick Favors
56.8%
80Otto Porter
54.4%
80Robert Covington
53.9%
79Bam Adebayo
52.4%
80T.J. Warren
46.1%

You're not logged in!

Compare scores with friends on all Sporcle quizzes.
OR
Log In

Sporcle TV

Today on Sporcle TV


Watch our educational content, quiz creation guides, and fun videos on Sporcle TV.

Show Comments

Extras

Created Sep 11, 2019ReportNominate
Tags:NBA Quiz, 100, Player, Rated, Rating, team, Top 100

Top Quizzes Today


Score Distribution

Paid Content

Your Account Isn't Verified!

In order to create a playlist on Sporcle, you need to verify the email address you used during registration. Go to your Sporcle Settings to finish the process.

Report this User

Report this user for behavior that violates our Community Guidelines.

Details: